LEADER 00853nam 2200169z- 450 001 9910712655203321 035 $a(CKB)5470000002495610 035 $a(EXLCZ)995470000002495610 100 $a20230509c2019uuuu -u- - 101 0 $aeng 200 00$aArtificial intelligence : societal and ethical implications : hearing before the Committee on Science, Space, and Technology, House of Representatives, One Hundred Sixteenth Congress, first session, June 26, 2019 210 $aWashington$cU.S. Government Publishing Office 517 $aArtificial intelligence 906 $aBOOK 912 $a9910712655203321 996 $aArtificial intelligence : societal and ethical implications : hearing before the Committee on Science, Space, and Technology, House of Representatives, One Hundred Sixteenth Congress, first session, June 26, 2019$93350103 997 $aUNINA